| 000 | 02571nam a22002895i 4500 | ||
|---|---|---|---|
| 001 | in00024414943 | ||
| 005 | 20260608145951.0 | ||
| 008 | 260121s2026 mau 000 0 eng | ||
| 010 | _a 2026931879 | ||
| 020 |
_a9781035346141 _q(hardback) |
||
| 040 |
_aDLC _beng _erda _cDLC |
||
| 042 | _apcc | ||
| 082 | _a346.048 TRI | ||
| 100 | 1 | _aTrimble, Marketa, | |
| 245 | 1 | 0 |
_aIntellectual property and conflict of laws / _cMarketa Trimble. |
| 264 | 1 |
_aNorthampton : _bEdward Elgar Publishing, _c2026. |
|
| 300 |
_axvi, 198 pages;pages cm _c24 cm. |
||
| 365 | _bRs. 12464.00 | ||
| 490 | 0 | _aPrinciples of intellectual property law series | |
| 505 | _a1 Sources of conflict-of-laws rules and principles, and intellectual property - 2 General principles of conflict of laws and intellectual property law - 3 Choice of law in intellectual property cases and transactions - 4 Jurisdiction in intellectual property cases - 5 Parallel proceedings in intellectual property cases - 6 Recognition and enforcement of foreign judgments in intellectual property cases - 7 Conflict of laws, arbitration, and other dispute resolution in intellectual property cases. | ||
| 520 |
_a"Complex conflict of laws issues arise in cross-border transactions and cross-border litigation concerning intellectual property (IP) rights. This book sets out the key principles of conflict of laws as they apply to IP cases and analyses essential conflict-of-laws concepts and rules in light of their practical application in the IP law context. Examining the problems that can emerge from the convergence of IP law and conflict of laws, Marketa Trimble examines issues that arise not only in civil litigation but also in alternative dispute-resolution processes, including in internet domain name dispute resolution and private ordering mechanisms. Drawing on the latest scholarship, this book consolidates and advances academic research at the intersection of IP and conflict of laws, highlighting developments for the future. Intellectual Property and Conflict of Laws is a crucial resource for students and scholars specialising in IP law and transnational litigation. Practitioners and business professionals in IP-intensive industries such as high-tech, arts and entertainment will also benefit from the insights in this book"-- _cProvided by publisher. |
||
| 650 | _aIntellectual Property Rights Law | ||
| 650 | _aConflict of Laws. | ||
| 906 |
_a0 _bibc _corignew _d2 _eepcn _f20 _gy-gencatlg |
||
| 942 |
_2ddc _cBK |
||
| 999 |
_c217988 _d217988 |
||